[Event "Titled Tuesday intern op 05th Sep Early"]
[Site "Chess.com INT"]
[Date "2023.09.05"]
[Round "5"]
[White "Chernov, Mikhail"]
[Black "Zrikem, Nassim"]
[Result "1-0"]
[WhiteElo "2167"]
[BlackElo "2140"]
[PlyCount "75"]
[EventDate "2023.09.05"]
[EventType "swiss (blitz)"]
[EventRounds "11"]
[EventCountry "USA"]
[SourceTitle "EXT 2024"]
[Source "ChessBase"]
[SourceDate "2023.10.10"]
[SourceVersion "1"]
[SourceVersionDate "2023.10.10"]
[SourceQuality "1"]

1. e4 c5 2. Nf3 d6 3. d4 cxd4 4. Nxd4 Nf6 5. Nc3 a6 6. Bc4 e6 7. Bb3 b5 8. Bg5 Be7 9. Qf3 Bb7 10. Bxe6 0-0 11. Bb3 Nbd7 12. 0-0 Ne5 13. Qe2 Rc8 14. f3 Nxe4 15. Nxe4 Bxg5 16. f4 Qb6 17. c3 Bf6 18. fxe5 dxe5 19. Nxf6+ gxf6 20. Kh1 exd4 21. Rf4 f5 22. Rxd4 Kh8 23. Bd5 Rg8 24. Qf3 Bxd5 25. Rxd5 Qg6 26. Rxf5 Rcd8 27. Rd5 Rde8 28. Rf1 Re3 29. Qf2 f5 30. Rxf5 Re4 31. Rf6 Qg5 32. Rf5 Qg6 33. Rf3 Rg4 34. Rg3 Qh5 35. Qf6+ R4g7 36. Rxg7 Rxg7 37. Re1 h6 38. h3 1-0

[Event "Titled Tuesday intern op 05th Sep Early"]
[Site "Chess.com INT"]
[Date "2023.09.05"]
[Round "8"]
[White "Harriott, Tyrell"]
[Black "Zrikem, Nassim"]
[Result "1-0"]
[WhiteElo "1778"]
[BlackElo "2140"]
[PlyCount "61"]
[EventDate "2023.09.05"]
[EventType "swiss (blitz)"]
[EventRounds "11"]
[EventCountry "USA"]
[SourceTitle "EXT 2024"]
[Source "ChessBase"]
[SourceDate "2023.10.10"]
[SourceVersion "1"]
[SourceVersionDate "2023.10.10"]
[SourceQuality "1"]

1. d4 Nf6 2. e3 b6 3. f4 Bb7 4. Nf3 c5 5. Bd3 d6 6. 0-0 Nbd7 7. c3 e6 8. Nbd2 Be7 9. a3 0-0 10. e4 cxd4 11. cxd4 h6 12. e5 Nd5 13. Ne4 dxe5 14. fxe5 f5 15. Ng3 Bg5 16. Nxg5 hxg5 17. Qh5 g4 18. Nxf5 exf5 19. Bxf5 N5f6 20. Be6+ Rf7 21. Qxf7+ Kh8 22. exf6 Nxf6 23. Rxf6 Qxd4+ 24. Rf2 Qd1+ 25. Rf1 Qd4+ 26. Kh1 Qe5 27. Bf4 Bxg2+ 28. Kxg2 Qe4+ 29. Kg1 Qd4+ 30. Rf2 Qc5 31. b4 1-0

[Event "Titled Tuesday intern op 05th Sep Late"]
[Site "Chess.com INT"]
[Date "2023.09.05"]
[Round "3"]
[White "Xhembulla, Aleksander"]
[Black "Zrikem, Nassim"]
[Result "1-0"]
[WhiteElo "2194"]
[BlackElo "2140"]
[PlyCount "87"]
[EventDate "2023.09.05"]
[EventType "swiss (blitz)"]
[EventRounds "11"]
[EventCountry "USA"]
[SourceTitle "EXT 2024"]
[Source "ChessBase"]
[SourceDate "2023.10.10"]
[SourceVersion "1"]
[SourceVersionDate "2023.10.10"]
[SourceQuality "1"]

1. e4 e5 2. Nf3 Nc6 3. Bc4 Nf6 4. d3 Be7 5. 0-0 0-0 6. h3 d6 7. a3 Na5 8. Ba2 c5 9. Nc3 Be6 10. Nd5 Nd7 11. Re1 Nc6 12. c3 Kh8 13. d4 cxd4 14. cxd4 exd4 15. Nxd4 Bxd5 16. Bxd5 Nxd4 17. Qxd4 Bf6 18. Qb4 Nc5 19. Rd1 a5 20. Qb5 a4 21. Be3 Qa5 22. Qe2 Nb3 23. Rab1 Rab8 24. Bxb3 axb3 25. Rxd6 Rfd8 26. Rbd1 Rxd6 27. Rxd6 Qe5 28. Rb6 Qxe4 29. Rxb3 Qb1+ 30. Kh2 Rd8 31. Rxb7 Rd1 32. Rb8+ Bd8 33. Bg5 Rh1+ 34. Kg3 h6 35. Rxd8+ Kh7 36. Qd3+ Qxd3+ 37. Rxd3 hxg5 38. a4 f5 39. Ra3 Rb1 40. Ra2 Rd1 41. a5 Rd3+ 42. Kh2 g4 43. hxg4 fxg4 44. a6 1-0

[Event "Titled Tuesday intern op 05th Sep Late"]
[Site "Chess.com INT"]
[Date "2023.09.05"]
[Round "2"]
[White "Zrikem, Nassim"]
[Black "Sroczynski, Maciej"]
[Result "1-0"]
[WhiteElo "2140"]
[BlackElo "2271"]
[PlyCount "107"]
[EventDate "2023.09.05"]
[EventType "swiss (blitz)"]
[EventRounds "11"]
[EventCountry "USA"]
[SourceTitle "EXT 2024"]
[Source "ChessBase"]
[SourceDate "2023.10.10"]
[SourceVersion "1"]
[SourceVersionDate "2023.10.10"]
[SourceQuality "1"]

1. d4 c5 2. e3 g6 3. c3 b6 4. Nf3 Bb7 5. Bc4 Nf6 6. dxc5 bxc5 7. Qb3 d5 8. Qxb7 dxc4 9. Qxa8 Bg7 10. 0-0 0-0 11. Nbd2 Qc7 12. Ne5 Qxe5 13. Qf3 Qc7 14. Nxc4 e5 15. e4 Nc6 16. Bg5 Nd7 17. Rfd1 f6 18. Be3 Rb8 19. Rd6 Nf8 20. Rad1 Na5 21. Nxa5 Qxa5 22. Qe2 Qxa2 23. Bxc5 Rxb2 24. Qd3 a5 25. Rd8 Qf7 26. h4 a4 27. Qd7 Rb7 28. Qxf7+ Kxf7 29. Ra8 Ne6 30. Bb4 Bf8 31. Rxa4 Bxb4 32. Rxb4 Rc7 33. Rc1 Nc5 34. Rc4 Ke6 35. Rd1 f5 36. f3 fxe4 37. fxe4 h5 38. Rd5 Na6 39. Rxc7 Nxc7 40. Ra5 Kd6 41. Kf2 Ne6 42. Ra6+ Ke7 43. g3 g5 44. hxg5 Nxg5 45. Ke3 Ne6 46. Ra7+ Kf6 47. Rh7 Kg6 48. Ra7 Kf6 49. c4 Nc5 50. Ra5 Nb3 51. Ra6+ Kg7 52. Re6 Kf7 53. Rxe5 Kg6 54. Rb5 1-0

[Event "Titled Tuesday intern op 29th Aug Late"]
[Site "Chess.com INT"]
[Date "2023.08.29"]
[Round "2"]
[White "Bochnicka, Vladimir1111"]
[Black "Zrikem, Nassim"]
[Result "0-1"]
[WhiteElo "2368"]
[BlackElo "2187"]
[PlyCount "56"]
[EventDate "2023.08.29"]
[EventType "swiss (blitz)"]
[EventRounds "11"]
[EventCountry "USA"]
[SourceTitle "EXT 2024"]
[Source "ChessBase"]
[SourceDate "2023.10.10"]
[SourceVersion "1"]
[SourceVersionDate "2023.10.10"]
[SourceQuality "1"]

1. e4 e5 2. Nf3 Nc6 3. Bc4 Nf6 4. d3 Be7 5. 0-0 0-0 6. Re1 d6 7. a4 Na5 8. Ba2 c5 9. c3 a6 10. Bd2 Be6 11. Bxe6 fxe6 12. Na3 Kh8 13. b4 cxb4 14. cxb4 Nc6 15. b5 Nd4 16. Nxd4 exd4 17. Nc4 d5 18. exd5 exd5 19. Ne5 Bd6 20. Qb3 Qb8 21. Nf3 Ng4 22. h3 Rxf3 23. hxg4 Bh2+ 24. Kf1 Rxf2+ 25. Kxf2 Qg3+ 26. Ke2 Qxg4+ 27. Kf2 Rf8+ 28. Bf4 Rxf4# 0-1

[Event "Titled Tuesday intern op 29th Aug Early"]
[Site "Chess.com INT"]
[Date "2023.08.29"]
[Round "5"]
[White "Kohler, Aran"]
[Black "Zrikem, Nassim"]
[Result "1-0"]
[WhiteElo "2011"]
[BlackElo "2187"]
[PlyCount "81"]
[EventDate "2023.08.29"]
[EventType "swiss (blitz)"]
[EventRounds "11"]
[EventCountry "USA"]
[SourceTitle "EXT 2024"]
[Source "ChessBase"]
[SourceDate "2023.10.10"]
[SourceVersion "1"]
[SourceVersionDate "2023.10.10"]
[SourceQuality "1"]

1. d4 Nf6 2. Nf3 e6 3. Bg5 Be7 4. Nbd2 d5 5. e3 c5 6. c3 Nc6 7. Bd3 h6 8. Bh4 a6 9. 0-0 0-0 10. Bxf6 b5 11. Bxe7 Qxe7 12. dxc5 Qxc5 13. e4 d4 14. cxd4 Nxd4 15. Rc1 Qa7 16. Nxd4 Qxd4 17. Qc2 e5 18. Nf3 Qd6 19. Rfd1 Qf6 20. Qc3 Bg4 21. Be2 Rac8 22. Qe3 Be6 23. b3 Qe7 24. Rxc8 Bxc8 25. h3 Re8 26. Rd5 f6 27. Rc5 Bb7 28. Rc1 Qa3 29. Rc2 Qb4 30. Qd2 Qxe4 31. Rc7 Ba8 32. Qd7 Qg6 33. Nh4 Qg5 34. Qxe8+ Kh7 35. Qg6+ Qxg6 36. Nxg6 Kxg6 37. Ra7 Be4 38. Rxa6 b4 39. Rb6 Bb1 40. Rxb4 Bxa2 41. Bd3+ 1-0

[Event "Titled Tuesday intern op 29th Aug Early"]
[Site "Chess.com INT"]
[Date "2023.08.29"]
[Round "4"]
[White "Li, Hui"]
[Black "Zrikem, Nassim"]
[Result "1-0"]
[WhiteElo "1988"]
[BlackElo "2187"]
[PlyCount "81"]
[EventDate "2023.08.29"]
[EventType "swiss (blitz)"]
[EventRounds "11"]
[EventCountry "USA"]
[SourceTitle "EXT 2024"]
[Source "ChessBase"]
[SourceDate "2023.10.10"]
[SourceVersion "1"]
[SourceVersionDate "2023.10.10"]
[SourceQuality "1"]

1. e4 c5 2. Nf3 d6 3. d4 cxd4 4. Nxd4 Nf6 5. Nc3 g6 6. Be3 Bg7 7. f3 0-0 8. Qd2 Nc6 9. 0-0-0 Bd7 10. Kb1 Rc8 11. g4 h5 12. gxh5 Nxh5 13. Rg1 Ne5 14. Bh6 b5 15. Bxg7 Nxg7 16. Ndxb5 Nxf3 17. Qf2 Nxg1 18. Qxg1 a6 19. Na3 Rxc3 20. bxc3 Qa5 21. Nc4 Rb8+ 22. Kc1 Qxc3 23. Qd4 Qb4 24. Qb2 Qxb2+ 25. Nxb2 Ne6 26. Bxa6 Ra8 27. Bc4 Nc5 28. Bb3 Kg7 29. Nd3 Nxe4 30. Bd5 Ra4 31. Nb2 Rb4 32. a3 Rxb2 33. Kxb2 Nf2 34. Rf1 Ng4 35. Rxf7+ Kh6 36. Rxe7 Bf5 37. a4 Nf2 38. a5 Ng4 39. a6 Nxh2 40. a7 g5 41. a8Q 1-0

[Event "Titled Tuesday intern op 29th Aug Early"]
[Site "Chess.com INT"]
[Date "2023.08.29"]
[Round "9"]
[White "Ovezdurdiyeva, Jemal"]
[Black "Zrikem, Nassim"]
[Result "0-1"]
[WhiteElo "2057"]
[BlackElo "2187"]
[PlyCount "116"]
[EventDate "2023.08.29"]
[EventType "swiss (blitz)"]
[EventRounds "11"]
[EventCountry "USA"]
[SourceTitle "EXT 2024"]
[Source "ChessBase"]
[SourceDate "2023.10.10"]
[SourceVersion "1"]
[SourceVersionDate "2023.10.10"]
[SourceQuality "1"]

1. e4 e5 2. Nf3 Nc6 3. Bc4 Nf6 4. 0-0 Nxe4 5. d4 exd4 6. Re1 d5 7. Bxd5 Qxd5 8. Nc3 Qd7 9. Nxe4 Be7 10. a3 0-0 11. Qd3 f5 12. Qc4+ Kh8 13. Neg5 Bf6 14. Bf4 h6 15. Ne6 Qf7 16. Qb3 Bxe6 17. Qxe6 Qxe6 18. Rxe6 Kg8 19. Bxc7 Kf7 20. Rd6 Rac8 21. Rd7+ Ke6 22. Rd6+ Ke7 23. Re1+ Ne5 24. Nxe5 Rxc7 25. Rxd4 Rfc8 26. Rd2 Kf8 27. c3 Kg8 28. Nf3 g5 29. h3 g4 30. h4 gxf3 31. gxf3 Bxh4 32. Kg2 Bg5 33. Rde2 Kf7 34. Rd1 Re7 35. Rc2 Rce8 36. Rd4 Re2 37. Rxe2 Rxe2 38. f4 Be7 39. b3 Rc2 40. Rc4 Bxa3 41. Rc7+ Be7 42. Rxb7 Rxc3 43. Rxa7 Rxb3 44. Ra6 Rb4 45. Rxh6 Rxf4 46. Rh7+ Ke6 47. Rh6+ Ke5 48. Ra6 Bc5 49. Ra5 Rxf2+ 50. Kg3 Rc2 51. Kf3 Rc3+ 52. Ke2 Ke4 53. Kd2 Bd4 54. Ra4 Rh3 55. Ra8 f4 56. Ke2 Rh2+ 57. Ke1 Kf3 58. Ra3+ Be3 0-1

[Event "Titled Tuesday intern op 29th Aug Early"]
[Site "Chess.com INT"]
[Date "2023.08.29"]
[Round "6"]
[White "Zrikem, Nassim"]
[Black "Kiseleva, Arina"]
[Result "0-1"]
[WhiteElo "2187"]
[BlackElo "1962"]
[PlyCount "74"]
[EventDate "2023.08.29"]
[EventType "swiss (blitz)"]
[EventRounds "11"]
[EventCountry "USA"]
[SourceTitle "EXT 2024"]
[Source "ChessBase"]
[SourceDate "2023.10.10"]
[SourceVersion "1"]
[SourceVersionDate "2023.10.10"]
[SourceQuality "1"]

1. Nf3 d5 2. e3 c6 3. d4 Nf6 4. Bd3 Bg4 5. c4 e6 6. Qb3 Qb6 7. Ne5 Bf5 8. Bxf5 exf5 9. Nc3 Qxb3 10. axb3 Nbd7 11. f4 Bd6 12. c5 Bc7 13. b4 Ne4 14. Ne2 f6 15. Nf3 g6 16. 0-0 Kf7 17. Bd2 a6 18. Bc3 h5 19. Nd2 Rhe8 20. Nxe4 Rxe4 21. Kf2 Rae8 22. Bd2 h4 23. Nc3 R4e6 24. h3 g5 25. Kf3 Kg6 26. Rae1 Nf8 27. Re2 Kh5 28. Rfe1 Ng6 29. g4+ hxg3 30. Kxg3 Nh4 31. Bc1 R6e7 32. Kf2 Rg8 33. fxg5 Rxg5 34. Rg1 Reg7 35. Rxg5+ Rxg5 36. Re1 Rg2+ 37. Kf1 Rh2 0-1

[Event "Titled Tuesday intern op 29th Aug Early"]
[Site "Chess.com INT"]
[Date "2023.08.29"]
[Round "3"]
[White "Zrikem, Nassim"]
[Black "Konenkin, Dmitry"]
[Result "0-1"]
[WhiteElo "2187"]
[BlackElo "2267"]
[PlyCount "80"]
[EventDate "2023.08.29"]
[EventType "swiss (blitz)"]
[EventRounds "11"]
[EventCountry "USA"]
[SourceTitle "EXT 2024"]
[Source "ChessBase"]
[SourceDate "2023.10.10"]
[SourceVersion "1"]
[SourceVersionDate "2023.10.10"]
[SourceQuality "1"]

1. d4 d6 2. e4 Nf6 3. Nc3 e5 4. Nf3 Nbd7 5. Rg1 g6 6. g4 Bg7 7. g5 Nh5 8. d5 0-0 9. Be3 f5 10. gxf6 Ndxf6 11. Be2 Nf4 12. Bxf4 exf4 13. e5 dxe5 14. d6 Qxd6 15. Bc4+ Kh8 16. Ng5 Bf5 17. Qxd6 cxd6 18. 0-0-0 Rac8 19. Nf7+ Rxf7 20. Bxf7 Bf8 21. Rd2 Kg7 22. Bd5 b6 23. f3 Be7 24. Ne4 Nxd5 25. Rxd5 Be6 26. Rd2 d5 27. Ng5 Bg8 28. h4 Bc5 29. Re1 Be3 30. Kd1 Bxd2 31. Kxd2 Re8 32. Nh3 Bf7 33. Nf2 h6 34. Nd3 Kf6 35. Nb4 g5 36. hxg5+ hxg5 37. Nd3 e4 38. Nb4 e3+ 39. Kc3 Rc8+ 40. Kd4 Rc4+ 0-1

[Event "Titled Tuesday intern op 29th Aug Late"]
[Site "Chess.com INT"]
[Date "2023.08.29"]
[Round "1"]
[White "Zrikem, Nassim"]
[Black "Richter, Paul"]
[Result "0-1"]
[WhiteElo "2187"]
[BlackElo "2171"]
[PlyCount "102"]
[EventDate "2023.08.29"]
[EventType "swiss (blitz)"]
[EventRounds "11"]
[EventCountry "USA"]
[SourceTitle "EXT 2024"]
[Source "ChessBase"]
[SourceDate "2023.10.10"]
[SourceVersion "1"]
[SourceVersionDate "2023.10.10"]
[SourceQuality "1"]

1. d4 Nf6 2. Nf3 g6 3. Bg5 Bg7 4. Nbd2 d5 5. c3 0-0 6. b4 a5 7. b5 b6 8. e3 Bb7 9. Bd3 Nbd7 10. 0-0 Re8 11. Bxf6 Bxf6 12. c4 e5 13. cxd5 Bxd5 14. e4 Bb7 15. d5 Be7 16. a4 Nc5 17. Nb3 Nxb3 18. Qxb3 Bc5 19. Rac1 Qe7 20. Bc4 Kg7 21. Ne1 Rf8 22. Nd3 Bd4 23. Qc2 h5 24. Bb3 Rac8 25. Kh1 Qh4 26. f4 exf4 27. Rxf4 Qg5 28. Rcf1 f6 29. Qc4 Be5 30. Nxe5 Qxe5 31. Qd3 Rcd8 32. Qg3 g5 33. R4f3 Qxg3 34. Rxg3 Rfe8 35. h4 g4 36. Re3 Re5 37. Rf5 Rxf5 38. exf5 Bxd5 39. Bxd5 Rxd5 40. Re7+ Kg8 41. Rxc7 g3 42. Rc1 Rxf5 43. Kg1 Rf4 44. Rf1 Rxa4 45. Rxf6 Ra1+ 46. Rf1 Rxf1+ 47. Kxf1 Kf7 48. Ke2 Ke6 49. Kf3 a4 50. Ke3 a3 51. Kd3 a2 0-1

[Event "Mislata op 56th"]
[Site "Mislata"]
[Date "2023.08.20"]
[Round "9"]
[White "Zrikem, Nassim"]
[Black "Salvador Buiza, Victor"]
[Result "1-0"]
[WhiteElo "2187"]
[BlackElo "2102"]
[PlyCount "115"]
[EventDate "2023.08.14"]
[EventType "swiss"]
[EventRounds "9"]
[EventCountry "ESP"]
[SourceTitle "CBM 215 Extra"]
[Source "ChessBase"]
[SourceDate "2023.09.30"]
[SourceVersion "1"]
[SourceVersionDate "2023.09.30"]
[SourceQuality "1"]

1. d4 d5 2. e3 Bf5 3. Nf3 e6 4. c4 c6 5. Qb3 Qb6 6. Be2 Nf6 7. Nc3 h6 8. Bd2 Nbd7 9. Na4 Qc7 10. cxd5 exd5 11. Rc1 Bd6 12. Bb4 0-0 13. Bxd6 Qxd6 14. Qxb7 Rfb8 15. Rxc6 Qf8 16. Qc7 Qb4+ 17. Nc3 Qxb2 18. 0-0 Rb6 19. Nh4 Ne8 20. Rxb6 Nxb6 21. Qb7 Bc8 22. Qe7 Be6 23. Bb5 Nf6 24. Qc7 Rc8 25. Qxa7 Na8 26. Ba6 Rxc3 27. Qxa8+ Kh7 28. a4 Ne4 29. Nf3 Rc2 30. Bd3 Rc8 31. Bxe4+ Kg8 32. Qa6 dxe4 33. d5 Bg4 34. h3 Rd8 35. hxg4 exf3 36. gxf3 Qd2 37. e4 h5 38. Kg2 Qf4 39. Qe2 hxg4 40. fxg4 Re8 41. Re1 Ra8 42. Qf3 Qxf3+ 43. Kxf3 Rxa4 44. Rd1 Kf8 45. Ke3 Ke7 46. f4 f6 47. Rd4 Ra3+ 48. Rd3 Ra1 49. e5 fxe5 50. fxe5 Rg1 51. Kf4 Rf1+ 52. Kg5 Re1 53. e6 Kd6 54. Kg6 Re4 55. g5 Rg4 56. Re3 Ke7 57. d6+ Ke8 58. Ra3 1-0

[Event "Mislata op 56th"]
[Site "Mislata"]
[Date "2023.08.15"]
[Round "2"]
[White "Zrikem, Nassim"]
[Black "Deusa Ballesteros, Lucas"]
[Result "1-0"]
[WhiteElo "2187"]
[BlackElo "1971"]
[PlyCount "101"]
[EventDate "2023.08.14"]
[EventType "swiss"]
[EventRounds "9"]
[EventCountry "ESP"]
[SourceTitle "CBM 215 Extra"]
[Source "ChessBase"]
[SourceDate "2023.09.30"]
[SourceVersion "1"]
[SourceVersionDate "2023.09.30"]
[SourceQuality "1"]

1. Nf3 d5 2. e3 Nf6 3. d4 c5 4. c3 Nc6 5. Nbd2 Bg4 6. h3 Bh5 7. dxc5 e6 8. b4 Be7 9. Bb2 0-0 10. Be2 Nd7 11. Nd4 Bg6 12. Nxc6 bxc6 13. Nb3 Qc7 14. 0-0 Rfd8 15. Qc1 a5 16. a3 a4 17. Nd2 Bf6 18. c4 Bxb2 19. Qxb2 Ne5 20. cxd5 exd5 21. Nf3 Nxf3+ 22. Bxf3 Bd3 23. Rfd1 Bb5 24. e4 dxe4 25. Bxe4 Qe7 26. Qc2 g6 27. Bd3 Bxd3 28. Rxd3 Rxd3 29. Qxd3 Qf6 30. Rd1 Qb2 31. Qf3 Rc8 32. g3 Kg7 33. Kg2 Qa2 34. h4 h5 35. Rd6 Qb3 36. Rd3 Qe6 37. Qe3 Qxe3 38. fxe3 Kf8 39. Rd7 Ra8 40. Rb7 Rd8 41. Ra7 Rd3 42. Rxa4 Rxe3 43. Ra6 Ke7 44. Rxc6 Rxa3 45. Rc7+ Ke6 46. b5 Rb3 47. b6 f6 48. b7 Kd5 49. c6 Ke4 50. Re7+ Kd5 51. Re8 1-0

[Event "Mislata op 56th"]
[Site "Mislata"]
[Date "2023.08.14"]
[Round "1"]
[White "Gonzalez Lopez, Lucas I"]
[Black "Zrikem, Nassim"]
[Result "1-0"]
[WhiteElo "1824"]
[BlackElo "2187"]
[PlyCount "93"]
[EventDate "2023.08.14"]
[EventType "swiss"]
[EventRounds "9"]
[EventCountry "ESP"]
[SourceTitle "CBM 215 Extra"]
[Source "ChessBase"]
[SourceDate "2023.09.30"]
[SourceVersion "1"]
[SourceVersionDate "2023.09.30"]
[SourceQuality "1"]

1. d4 Nf6 2. c4 e6 3. Nc3 Bb4 4. e3 Ne4 5. Qc2 f5 6. Bd3 Nf6 7. Nge2 b6 8. 0-0 Bb7 9. a3 Bd6 10. f3 0-0 11. Bd2 c5 12. Rab1 Nc6 13. Na4 Qe8 14. b4 Qh5 15. h3 cxd4 16. exd4 Qh4 17. Qb2 Nh5 18. c5 Bc7 19. Be1 Qg5 20. Bd2 Qg6 21. Rf2 Ng3 22. Nf4 Qf6 23. d5 Be5 24. Bc3 Bxc3 25. Qxc3 Nd4 26. dxe6 dxe6 27. Rc1 Rac8 28. Qb2 Kh8 29. Ne2 Ngxe2+ 30. Bxe2 e5 31. Bf1 Qg5 32. f4 Qf6 33. fxe5 Qxe5 34. cxb6 Qe3 35. Rc3 Qe4 36. Nc5 Qe1 37. Rc1 Qe3 38. Rc3 Qe1 39. Rc1 Qe3 40. bxa7 Bd5 41. Rc3 Qg5 42. Qd2 Qf6 43. Rd3 Rxc5 44. bxc5 Nb3 45. Qc3 Qc6 46. Qe5 Bc4 47. Rg3 1-0

[Event "Olympiad-44"]
[Site "Chennai"]
[Date "2022.08.03"]
[Round "6.4"]
[White "Zrikem, Nassim"]
[Black "Ganerdene, Sugar"]
[Result "0-1"]
[WhiteElo "2075"]
[BlackElo "2428"]
[PlyCount "80"]
[EventDate "2022.07.29"]
[EventType "team-swiss"]
[EventRounds "11"]
[EventCountry "IND"]
[SourceTitle "CBM 210"]
[Source "ChessBase"]
[SourceDate "2022.10.31"]
[SourceVersion "1"]
[SourceVersionDate "2022.10.31"]
[SourceQuality "1"]
[WhiteTeam "Morocco"]
[BlackTeam "Mongolia"]
[WhiteTeamCountry "MAR"]
[BlackTeamCountry "MGL"]

1. d4 Nf6 2. Nf3 g6 3. Bg5 Bg7 4. Nbd2 0-0 5. c3 d6 6. e4 c5 7. dxc5 dxc5 8. Bc4 Nc6 9. 0-0 Qc7 10. Re1 Nh5 11. Nf1 h6 12. Bh4 Rd8 13. Qc2 Bg4 14. Be2 Nf4 15. Ne3 Nxe2+ 16. Qxe2 Be6 17. Nd5 Bxd5 18. exd5 Rxd5 19. Bxe7 g5 20. Qe4 Nxe7 21. Qxe7 Qxe7 22. Rxe7 g4 23. c4 Rd6 24. Nh4 Bxb2 25. Rb1 Bf6 26. Re4 h5 27. Nf5 Rd2 28. Ng3 Bd4 29. Rf1 Rxa2 30. Nxh5 f5 31. Rf4 Rf8 32. Ng3 Ra1 33. Rxa1 Bxa1 34. Nxf5 Kh7 35. h3 Be5 36. Re4 Rxf5 37. hxg4 Rg5 38. f4 Bd4+ 39. Rxd4 cxd4 40. fxg5 a5 0-1

[Event "Palma de Mallorca op"]
[Site "Palma de Mallorca"]
[Date "2021.11.27"]
[Round "6"]
[White "Mueller, Reinhard"]
[Black "Zrikem, Nassim"]
[Result "1/2-1/2"]
[WhiteElo "2109"]
[BlackElo "1963"]
[PlyCount "61"]
[EventDate "2021.11.22"]
[EventType "swiss"]
[EventRounds "7"]
[EventCountry "ESP"]
[SourceTitle "CBM 205 Extra"]
[Source "ChessBase"]
[SourceDate "2022.01.31"]
[SourceVersion "1"]
[SourceVersionDate "2022.01.31"]
[SourceQuality "1"]

1. e4 e5 2. Nf3 Nc6 3. Nc3 Nf6 4. d4 exd4 5. Nxd4 Bb4 6. Nxc6 bxc6 7. Bd3 d5 8. exd5 cxd5 9. 0-0 0-0 10. h3 Rb8 11. Qf3 c6 12. Bg5 Be7 13. Na4 Be6 14. Bf4 Bd6 15. Bg5 Be7 16. Bf4 Bd6 17. c3 c5 18. Bg5 Bd7 19. Bc2 h6 20. Bxf6 Qxf6 21. Qxf6 gxf6 22. Rad1 Bc6 23. b3 Rfe8 24. Rfe1 Re5 25. Nb2 Rbe8 26. Kf1 d4 27. Nd3 R5e6 28. Rxe6 fxe6 29. Nb2 e5 30. f3 Kf7 31. Nc4 1/2-1/2

[Event "Sousse Go Makkah op"]
[Site "Sousse"]
[Date "2019.09.03"]
[Round "2"]
[White "Rian, Moubarak"]
[Black "Zrikem, Nassim"]
[Result "1/2-1/2"]
[WhiteElo "2048"]
[BlackElo "2090"]
[PlyCount "78"]
[EventDate "2019.09.02"]
[EventType "swiss"]
[EventRounds "9"]
[EventCountry "TUN"]
[SourceTitle "EXT 2020"]
[Source "ChessBase"]
[SourceDate "2019.10.17"]
[SourceVersion "1"]
[SourceVersionDate "2019.10.17"]
[SourceQuality "1"]

1. Nf3 d5 2. c4 e6 3. d4 Nf6 4. Nc3 Be7 5. Bf4 0-0 6. e3 Nbd7 7. Rc1 c5 8. cxd5 Nxd5 9. Bg3 Nxc3 10. bxc3 cxd4 11. Nxd4 Qa5 12. Qc2 Nc5 13. Be2 Bd7 14. 0-0 Rac8 15. Nb3 Qa3 16. Nxc5 Qxc5 17. Rfd1 Rfd8 18. Bd3 h6 19. c4 Qa5 20. Qe2 Ba4 21. Bc2 Rxd1+ 22. Rxd1 Bxc2 23. Qxc2 Qa6 24. Qb3 Rxc4 25. h4 Qa4 26. Qxa4 Rxa4 27. Rd7 Bf6 28. Rxb7 Rxa2 29. h5 a5 30. Rb8+ Kh7 31. Rf8 Rb2 32. Rxf7 Rb1+ 33. Kh2 Rb5 34. Ra7 Rxh5+ 35. Kg1 Rc5 36. Ra6 Bc3 37. Rxe6 a4 38. Ra6 Ra5 39. Rxa5 Bxa5 1/2-1/2

[Event "Tiznit rapid op"]
[Site "Tiznit"]
[Date "2019.07.28"]
[Round "6"]
[White "Zrikem, Nassim"]
[Black "Daoudi, Kamal"]
[Result "1-0"]
[WhiteElo "1867"]
[BlackElo "2171"]
[PlyCount "61"]
[EventDate "2019.07.27"]
[EventType "swiss (rapid)"]
[EventRounds "9"]
[EventCountry "MAR"]
[SourceTitle "CBM 191 Extra"]
[Source "ChessBase"]
[SourceDate "2019.09.30"]
[SourceVersion "1"]
[SourceVersionDate "2019.09.30"]
[SourceQuality "1"]

1. d4 Nf6 2. Nf3 e6 3. Nbd2 c5 4. e3 b6 5. c3 Bb7 6. Bd3 d6 7. 0-0 Nbd7 8. e4 Be7 9. Qe2 0-0 10. Rd1 cxd4 11. cxd4 e5 12. dxe5 dxe5 13. Nc4 Qc7 14. Bg5 Rad8 15. Rac1 Qb8 16. Bb1 Rfe8 17. a3 Bf8 18. b4 Rc8 19. Bh4 Re6 20. Ncd2 Rec6 21. Rxc6 Rxc6 22. Ba2 Rc2 23. Bb3 Rb2 24. Ng5 h6 25. Bxf7+ Kh8 26. Qf3 hxg5 27. Bxg5 Qd6 28. Nc4 Qe7 29. Qh3+ Nh7 30. Bxe7 Rc2 31. Bg6 1-0

[Event "Wch U20 57th"]
[Site "Manavgat"]
[Date "2018.09.15"]
[Round "11"]
[White "Kwon, Sehyun"]
[Black "Zrikem, Nassim"]
[Result "0-1"]
[WhiteElo "2129"]
[BlackElo "2066"]
[PlyCount "90"]
[EventDate "2018.09.05"]
[EventType "swiss"]
[EventRounds "11"]
[EventCountry "TUR"]
[SourceTitle "CBM 186 Extra"]
[Source "ChessBase"]
[SourceDate "2018.08.24"]
[SourceVersion "1"]
[SourceVersionDate "2018.08.24"]
[SourceQuality "1"]

1. e4 e5 2. Nf3 Nc6 3. Bb5 a6 4. Ba4 Nf6 5. d3 b5 6. Bb3 Be7 7. a4 Rb8 8. axb5 axb5 9. 0-0 0-0 10. Re1 d6 11. c3 Be6 12. Bc2 d5 13. exd5 Nxd5 14. Ra6 Rb6 15. Rxb6 cxb6 16. h3 Bf6 17. Nbd2 h6 18. Ne4 Be7 19. Ng3 Qc7 20. d4 exd4 21. Qd3 Nf6 22. Nh5 Rd8 23. Bf4 Qc8 24. cxd4 Kf8 25. Nxf6 Bxf6 26. Qa3+ b4 27. Qa4 Nxd4 28. Nxd4 Rxd4 29. Be3 Bd7 30. Qa7 Rd6 31. Bxb6 Kg8 32. b3 Rxb6 33. Qxb6 Qxc2 34. Qxb4 Be6 35. Re3 Qb1+ 36. Kh2 Qb2 37. Kg3 Be5+ 38. f4 Bd4 39. Re4 Qf2+ 40. Kh2 Qg1+ 41. Kg3 Bf2+ 42. Kf3 Qf1 43. Qb8+ Kh7 44. Qb7 Be1+ 45. Ke3 Qf2+ 0-1

[Event "Wch U20 57th"]
[Site "Manavgat"]
[Date "2018.09.12"]
[Round "8"]
[White "Zrikem, Nassim"]
[Black "Gulbeyaz, Emir"]
[Result "0-1"]
[WhiteElo "2066"]
[BlackElo "2285"]
[PlyCount "92"]
[EventDate "2018.09.05"]
[EventType "swiss"]
[EventRounds "11"]
[EventCountry "TUR"]
[SourceTitle "CBM 186 Extra"]
[Source "ChessBase"]
[SourceDate "2018.08.24"]
[SourceVersion "1"]
[SourceVersionDate "2018.08.24"]
[SourceQuality "1"]

1. e4 g6 2. d4 Bg7 3. Nc3 d6 4. Be3 a6 5. Qd2 b5 6. f3 Bb7 7. a4 c6 8. axb5 cxb5 9. Nh3 Nd7 10. Be2 Ngf6 11. 0-0 0-0 12. Bd3 Rc8 13. Ne2 Nb6 14. b3 Nfd7 15. Rfc1 e5 16. d5 Nc5 17. Rab1 Ra8 18. b4 Nca4 19. c4 bxc4 20. Bxc4 Nxc4 21. Rxc4 Bc8 22. Qc2 Nb6 23. Rc6 Rb8 24. Nf2 Re8 25. Rc1 Bd7 26. Rxd6 Bf8 27. Rxb6 Rxb6 28. Bxb6 Qxb6 29. Qc7 Qxc7 30. Rxc7 Rd8 31. Nd3 Bb5 32. Nec1 Bd6 33. Rc3 f5 34. Nc5 Rc8 35. N1d3 a5 36. bxa5 Bxd3 37. Rxd3 Rxc5 38. g4 fxg4 39. fxg4 Rxa5 40. Kg2 Ra4 41. Re3 Kg7 42. Kf3 Ra2 43. h3 Kf6 44. h4 Ra3 45. Rxa3 Bxa3 46. g5+ Ke7 0-1